You can't manage your money...especially when you're rich

Bibliographic Details
Main Author: Yap, Ming Hui
Format: Book
Published: Petaling Jaya : Whitman Independent Advisors Sdn. Bhd. , 2004
Subjects:

MARC

LEADER 00000cam a2200000 7i4500
001 0000053979
005 20180523.0
008 151028
020 |a 9834172400 
041 0 |a English 
090 0 0 |a 332.024   |b YAP 
100 3 |a Yap, Ming Hui 
245 0 0 |a You can't manage your money...especially when you're rich   |c Yap Ming Hui 
260 |a Petaling Jaya :   |b Whitman Independent Advisors Sdn. Bhd. ,   |c 2004 
300 |a 202p. :   |b 24cm 
500 |a Adult 
541 0 0 |c Purchased on 2017 
650 0 |a Finance, Personal 
650 0 |a Finance-Management 
999 |a 0000882536   |b Book   |c Adult Collection   |e Cawangan Muar 
999 |a 0000882539   |b Book   |c Adult Collection   |e Cawangan Segamat 
999 |a 0000882541   |b Book   |c Adult Collection   |e Cawangan Bandar Penawar 
999 |a 0000882543   |b Book   |c Adult Collection   |e Cawangan Pontian 
999 |a 0000887260   |b Book   |c Adult Collection   |e Cawangan Bandar Penawar 
999 |a 0001517506   |b Book   |c Adult Collection   |e Perbadanan Perpustakaan Awam Johor